عرض عادي عرض مارك
  • الدعوة والارشاد

مدخل مصطلح موضوعي

عدد التسجيلات المستخدمة في: 1

001 - رقم الضبط

  • حقل الضبط: 277

003 - معرف رقم الضبط

  • حقل الضبط: OSt

005 - تاريخ ووقت أخر عملية

  • حقل الضبط: 20110611173330.0

008 - عناصر بيانات ثابتة الطول

  • حقل تحكم ثابت الطول: 110611|||a|||||| | ||| d

040 ## - مصدر الفهرسة

  • هيئة الفهرسة الأصلية: OSt
  • وكالة الكتابة: OSt

150 ## - مدخل-- مصطلح تاريخي

  • عنصر مدخل المصطلح الموضوعي او الاسم الجغرافي: الدعوة والارشاد

670 ## - بيانات المصدر موجوده

  • الاستشهاد بالمصدر: Work cat.: (OSt)1126: ابن قيم الجوزية، محمد بن أبي بكر بن أيوب، 691-751 هـ. 220, إغاثة اللهفان من مصائد الشيطان /, 2007